[Event "Vilnius Elite op"]
[Site "Vilnius"]
[Date "2023.07.09"]
[Round "8"]
[White "Gavenavicius, Karolis"]
[Black "Milewski, Karol"]
[Result "0-1"]
[WhiteElo "1828"]
[BlackElo "1818"]
[PlyCount "134"]
[EventDate "2023.07.05"]
[EventType "swiss"]
[EventRounds "8"]
[EventCountry "LTU"]
[SourceTitle "CBM 215 Extra"]
[Source "ChessBase"]
[SourceDate "2023.09.30"]
[SourceVersion "1"]
[SourceVersionDate "2023.09.30"]
[SourceQuality "1"]

1. d4 Nf6 2. c4 g6 3. Nc3 Bg7 4. e4 d6 5. Be2 0-0 6. Be3 e5 7. d5 a5 8. g4 Ne8 9. g5 Na6 10. h4 f5 11. gxf6 Qxf6 12. Qd2 h6 13. 0-0-0 Kh7 14. b3 Bd7 15. Nf3 a4 16. Ne1 axb3 17. axb3 Nc5 18. Kb2 b6 19. h5 g5 20. Nd3 Nxd3+ 21. Qxd3 Qe7 22. Nb5 Rf4 23. Ra1 Rc8 24. Ra7 Kh8 25. Kc2 Qf6 26. Kd2 Bg4 27. Bxf4 Bxe2 28. Kxe2 exf4 29. f3 Qb2+ 30. Qd2 Qxb3 31. Rc1 g4 32. Ra3 Qb2 33. Rc2 Qe5 34. fxg4 Qxe4+ 35. Kd1 Nf6 36. Qg2 Qh7 37. Nd4 Ne4 38. Nf5 Ng5 39. Ne7 Re8 40. Ng6+ Kg8 41. Re2 Be5 42. Rea2 Qf7 43. Nh4 Bg7 44. Ra8 b5 45. Rxe8+ Qxe8 46. Qe2 Qe5 47. Ra8+ Kf7 48. Qxe5 dxe5 49. cxb5 Ne4 50. Nf5 Nc3+ 51. Ke1 Nxb5 52. Ra5 Nd6 53. Ra7 Kf6 54. Rxc7 Nxf5 55. gxf5 Bf8 56. Rc6+ Kxf5 57. Rg6 Bb4+ 58. Kf1 e4 59. d6 f3 60. Kf2 Bc5+ 61. Kg3 Bb4 62. Kf2 Bc5+ 63. Kg3 Bb4 64. Kf2 Bc5+ 65. Kf1 e3 66. d7 e2+ 67. Ke1 Bb4+ 0-1

[Event "LTU-chT"]
[Site "Lithuania"]
[Date "2023.04.21"]
[Round "4.3"]
[White "Gavenavicius, Karolis"]
[Black "Stremavicius, Titas"]
[Result "0-1"]
[WhiteElo "1748"]
[BlackElo "2544"]
[PlyCount "80"]
[EventDate "2023.03.04"]
[EventType "team"]
[EventRounds "7"]
[EventCountry "LTU"]
[SourceTitle "EXT 2024"]
[Source "ChessBase"]
[SourceDate "2023.10.10"]
[SourceVersion "1"]
[SourceVersionDate "2023.10.10"]
[SourceQuality "1"]
[WhiteTeam "Vilnius Tauras"]
[BlackTeam "Kaunas Security"]
[WhiteTeamCountry "LTU"]
[BlackTeamCountry "LTU"]

1. d4 d5 2. c4 e6 3. Nf3 Nf6 4. g3 Bb4+ 5. Bd2 Be7 6. Bg2 0-0 7. 0-0 c6 8. Qc2 Ne4 9. Bc1 Nd7 10. b3 b5 11. Ne5 Nxe5 12. dxe5 Nc5 13. cxb5 cxb5 14. Be3 Nd7 15. Bd4 Bb7 16. Nd2 Nb8 17. Bc5 Qc7 18. Rac1 Rc8 19. b4 Nd7 20. Nb3 Nxe5 21. Qd2 Nc4 22. Qd3 Bxc5 23. Nxc5 a5 24. a3 Bc6 25. Rfe1 Rd8 26. Ra1 Qe5 27. Qb3 Ra7 28. e4 Qb2 29. Qxb2 Nxb2 30. exd5 Bxd5 31. Rab1 Nc4 32. Bxd5 Rxd5 33. Rbd1 Rxd1 34. Rxd1 h5 35. a4 bxa4 36. b5 a3 37. Rc1 a2 38. Nb3 a4 39. Nc5 Ra5 40. Ra1 Rxb5 0-1

[Event "Baltija Cup 18th"]
[Site "Palanga"]
[Date "2022.06.23"]
[Round "7"]
[White "Gavenavicius, Karolis"]
[Black "Blokhin, Sofia"]
[Result "1-0"]
[WhiteElo "1581"]
[BlackElo "2068"]
[PlyCount "120"]
[EventDate "2022.06.20"]
[EventType "swiss"]
[EventRounds "7"]
[EventCountry "LTU"]
[SourceTitle "CBM 209 Extra"]
[Source "ChessBase"]
[SourceDate "2022.09.30"]
[SourceVersion "1"]
[SourceVersionDate "2022.09.30"]
[SourceQuality "1"]

1. Nf3 e6 2. c4 d5 3. d4 f5 4. g3 Nf6 5. Bg2 Be7 6. 0-0 0-0 7. b3 c6 8. Ba3 Bxa3 9. Nxa3 Nbd7 10. Nc2 Ne4 11. Nce1 Nd6 12. Qc1 a5 13. Nd3 a4 14. c5 Nf7 15. b4 Qf6 16. Qe3 g5 17. Nfe5 Ndxe5 18. dxe5 Qg6 19. f4 Bd7 20. Kf2 Kh8 21. Rh1 Rg8 22. Rag1 gxf4 23. gxf4 Qh5 24. Qh3 Qxh3 25. Bxh3 Rg6 26. Bg2 a3 27. Bf3 Be8 28. Ke3 Nh6 29. Rg3 Bf7 30. Rhg1 Rag8 31. Rxg6 Bxg6 32. h3 Rb8 33. Rb1 Be8 34. Rb3 Ra8 35. Ne1 Ng8 36. Nc2 Ne7 37. Kf2 Ng6 38. e3 Nh4 39. Be2 Bf7 40. Rxa3 Rg8 41. Ne1 d4 42. exd4 Ng6 43. Ng2 Rd8 44. Ke3 Ne7 45. Bf3 Rg8 46. Kf2 Rd8 47. Ra7 Rb8 48. Ne3 Nd5 49. Bxd5 cxd5 50. b5 Be8 51. b6 Bc6 52. Nc2 Bd7 53. Nb4 Kg8 54. Na6 Rf8 55. Rxb7 Bb5 56. Nc7 Bc6 57. Ra7 Kf7 58. Nxd5+ Ke8 59. Nb4 Be4 60. c6 Rh8 1-0

[Event "LTU-ch sf"]
[Site "Vilnius"]
[Date "2022.04.12"]
[Round "8"]
[White "Bazilius, Augustinas"]
[Black "Gavenavicius, Karolis"]
[Result "1-0"]
[WhiteElo "1963"]
[BlackElo "1455"]
[PlyCount "174"]
[EventDate "2022.04.08"]
[EventType "swiss"]
[EventRounds "9"]
[EventCountry "LTU"]
[SourceTitle "CBM 207 Extra"]
[Source "ChessBase"]
[SourceDate "2022.05.31"]
[SourceVersion "1"]
[SourceVersionDate "2022.05.31"]
[SourceQuality "1"]

1. d4 Nf6 2. c4 e6 3. Nf3 d5 4. g3 Be7 5. Bg2 0-0 6. 0-0 dxc4 7. Ne5 Nc6 8. Nxc6 bxc6 9. Na3 Bxa3 10. bxa3 Ba6 11. Qd2 Rb8 12. Qa5 Qc8 13. a4 Rd8 14. Ba3 Rxd4 15. Rab1 Rb6 16. Bc5 Rd7 17. Bxb6 cxb6 18. Qc3 Nd5 19. Bxd5 exd5 20. Rfd1 Re7 21. e3 Qe6 22. e4 Qe5 23. Qxe5 Rxe5 24. exd5 cxd5 25. f4 Re2 26. Rxd5 Kf8 27. Rd8+ Re8 28. Rxe8+ Kxe8 29. Kf2 Kd7 30. Ke3 Kc6 31. Kd4 Bc8 32. Kxc4 Be6+ 33. Kb4 Bxa2 34. Rd1 a5+ 35. Ka3 Be6 36. Rd8 h5 37. Rg8 g6 38. Rg7 Kc5 39. f5 Bxf5 40. Rxf7 Bg4 41. Rf4 Bf5 42. Kb3 Be6+ 43. Kc3 Bf5 44. Rc4+ Kd5 45. Rd4+ Kc5 46. Rd2 Be4 47. Re2 Bf5 48. Re5+ Kd6 49. Rb5 Kc6 50. Rb2 Kc5 51. Rd2 Be4 52. Rf2 Bf5 53. Rf4 Bg4 54. Rf6 Bf5 55. h3 Bxh3 56. Rxg6 Bg4 57. Rg5+ Kc6 58. Kd4 Bd1 59. Rg6+ Kb7 60. Rh6 Bg4 61. Kd5 Bd1 62. Rh7+ Ka6 63. Rh6 Bxa4 64. Rxh5 Bd1 65. Rh6 a4 66. Kc4 Ka5 67. Rd6 Bf3 68. Kc3 b5 69. Rd4 Bh5 70. Kb2 Kb6 71. Rd5 Bf7 72. Rf5 Bc4 73. Ka3 Kc6 74. Kb4 Kd6 75. Rf2 Be6 76. Re2 Ke7 77. Re5 Kf6 78. Rxb5 Bd7 79. Ra5 Be8 80. Kc4 Kg6 81. Kd4 Kf6 82. Ke4 Kg6 83. Kf4 Kf6 84. Ra6+ Kg7 85. g4 Bb5 86. Ra5 Be8 87. Kf5 Bd7+ 1-0

[Event "LTU-ch sf"]
[Site "Vilnius"]
[Date "2022.04.11"]
[Round "6"]
[White "Perminaite, Guoda"]
[Black "Gavenavicius, Karolis"]
[Result "1/2-1/2"]
[WhiteElo "1742"]
[BlackElo "1455"]
[PlyCount "137"]
[EventDate "2022.04.08"]
[EventType "swiss"]
[EventRounds "9"]
[EventCountry "LTU"]
[SourceTitle "CBM 207 Extra"]
[Source "ChessBase"]
[SourceDate "2022.05.31"]
[SourceVersion "1"]
[SourceVersionDate "2022.05.31"]
[SourceQuality "1"]

1. e4 c5 2. Nf3 e6 3. d4 cxd4 4. Nxd4 a6 5. Nc3 b5 6. Bd3 Bb7 7. 0-0 Ne7 8. Re1 Nbc6 9. Nb3 Ng6 10. Be3 Be7 11. Nc5 Bc8 12. a4 b4 13. Na2 d6 14. Nb3 0-0 15. Qd2 a5 16. Rad1 Qc7 17. c3 Bd7 18. Rc1 Qb7 19. Bb5 Rfb8 20. f3 Nce5 21. cxb4 Bxb5 22. Nxa5 Rxa5 23. bxa5 Bc4 24. f4 Bxa2 25. fxe5 Nxe5 26. b4 Bb3 27. b5 Bxa4 28. b6 Nc6 29. Ra1 Bb5 30. Qb2 Ba6 31. Qd2 Bf6 32. Rac1 Be5 33. Bf4 Bxf4 34. Qxf4 Nxa5 35. Qxd6 Qxb6+ 36. Qxb6 Rxb6 37. Rc5 Nc4 38. Ra1 Kf8 39. Rxa6 Rxa6 40. Rxc4 Ke7 41. Rc7+ Kf6 42. Kf2 Ra3 43. Rb7 Kg6 44. Re7 Kf6 45. Rb7 e5 46. Rb5 Ra6 47. Kf3 Ke6 48. Rb7 Rd6 49. Ra7 Rd7 50. Ra6+ Ke7 51. g4 f6 52. h4 Rd3+ 53. Kf2 Kf7 54. h5 Rd7 55. Kf3 h6 56. Ra8 g6 57. hxg6+ Kxg6 58. Rg8+ Kh7 59. Ra8 Rg7 60. Rb8 Ra7 61. Rc8 Ra3+ 62. Kf2 Rh3 63. Ra8 h5 64. gxh5 Rxh5 65. Kf3 Rh4 66. Rb8 Rf4+ 67. Ke3 Kg6 68. Rg8+ Kh5 69. Rf8 1/2-1/2

[Event "LTU-ch sf"]
[Site "Vilnius"]
[Date "2022.04.09"]
[Round "3"]
[White "Gavenavicius, Karolis"]
[Black "Kusner, Michail"]
[Result "0-1"]
[WhiteElo "1455"]
[BlackElo "1716"]
[PlyCount "120"]
[EventDate "2022.04.08"]
[EventType "swiss"]
[EventRounds "9"]
[EventCountry "LTU"]
[SourceTitle "CBM 207 Extra"]
[Source "ChessBase"]
[SourceDate "2022.05.31"]
[SourceVersion "1"]
[SourceVersionDate "2022.05.31"]
[SourceQuality "1"]

1. d4 e6 2. g3 d5 3. c4 f5 4. Nf3 c6 5. Bg2 Nf6 6. 0-0 Nbd7 7. b3 Be7 8. Ba3 Bxa3 9. Nxa3 Qe7 10. Nc2 Ne4 11. Nce1 dxc4 12. bxc4 c5 13. e3 e5 14. d5 Qf6 15. Rc1 0-0 16. Nd3 Nd6 17. Nd2 e4 18. Nf4 Ne5 19. Qb3 g5 20. Ne2 Qh6 21. f3 Nd3 22. Rb1 g4 23. f4 Rf6 24. Nc1 Nb4 25. a3 Na6 26. Na2 Bd7 27. Nc3 b6 28. Kf2 Rb8 29. a4 Nb4 30. Rh1 Nd3+ 31. Kg1 a6 32. Bf1 Ne5 33. fxe5 Qxe3+ 34. Kg2 f4 35. gxf4 Nf5 36. Rg1 Qxd2+ 37. Kh1 Rh6 38. Ne2 Nd4 39. Qc3 Nf3 40. Rg2 Qxc3 41. Nxc3 Bf5 42. Be2 Kf7 43. Rb2 Rh3 44. a5 Nxe5 45. fxe5 Rxc3 46. Rf2 Kg6 47. axb6 e3 48. Rf1 Rc2 49. Rxc2 Bxc2 50. Rf6+ Kg5 51. Kg2 a5 52. Rc6 a4 53. Rxc5 Rxb6 54. d6 Rb1 55. Bxg4 Kxg4 56. h3+ Kf5 57. d7 Be4+ 58. Kg3 e2 59. d8Q e1Q+ 60. Kh2 Qf2# 0-1

[Event "LTU-ch U14 Rapid"]
[Site "Vilnius"]
[Date "2021.09.19"]
[Round "6"]
[White "Rudzkis, Vilius"]
[Black "Gavenavicius, Karolis"]
[Result "1/2-1/2"]
[WhiteElo "1560"]
[BlackElo "1563"]
[PlyCount "191"]
[EventDate "2021.09.18"]
[EventType "swiss (rapid)"]
[EventRounds "9"]
[EventCountry "LTU"]
[SourceTitle "EXT 2023"]
[Source "ChessBase"]
[SourceDate "2022.10.05"]
[SourceVersion "1"]
[SourceVersionDate "2022.10.05"]
[SourceQuality "1"]

1. d4 Nf6 2. c4 e6 3. Nc3 Bb4 4. Bd2 b6 5. Nf3 Bb7 6. e3 0-0 7. Bd3 Bxc3 8. Bxc3 Ne4 9. Rc1 f5 10. 0-0 d6 11. b4 Nxc3 12. Rxc3 a5 13. a3 axb4 14. axb4 Nd7 15. Qe2 Nf6 16. Rb1 Ne4 17. Rc2 g5 18. c5 Bd5 19. cxb6 cxb6 20. Bc4 Bxc4 21. Qxc4 Qe7 22. Nd2 Nxd2 23. Rxd2 Rfc8 24. Qb3 Qd7 25. h3 Kf7 26. e4 f4 27. Qf3 Kg6 28. h4 h6 29. Qg4 Qe7 30. d5 e5 31. Rd3 h5 32. Qf5+ Kh6 33. Qe6+ Qxe6 34. dxe6 Rd8 35. Rbd1 Kg6 36. Rxd6 Rxd6 37. Rxd6 Ra1+ 38. Kh2 g4 39. Rxb6 Ra2 40. e7+ Kf7 41. Re6 Ke8 42. Rxe5 Rxf2 43. Kg1 Rb2 44. Rf5 g3 45. Rxf4 Rb1+ 46. Rf1 Rxb4 47. Re1 Kxe7 48. Kf1 Rb2 49. Re3 Rf2+ 50. Kg1 Rf4 51. Rxg3 Rxe4 52. Rh3 Kf6 53. Kf2 Ra4 54. Rf3+ Kg6 55. g3 Ra2+ 56. Kg1 Rb2 57. Rf2 Rb1+ 58. Kg2 Rb3 59. Rf3 Rb2+ 60. Kh3 Rb4 61. Ra3 Rc4 62. Ra6+ Kh7 63. Ra5 Kg6 64. Rg5+ Kh6 65. Rf5 Kg6 66. Rb5 Ra4 67. Rb3 Kf5 68. Rf3+ Kg6 69. Rf8 Kg7 70. Rf5 Kg6 71. Rf8 Kg7 72. Rf4 Ra3 73. Re4 Kg6 74. Kg2 Rb3 75. Kf2 Ra3 76. Re3 Ra4 77. Kf3 Kf5 78. Rb3 Kg6 79. Rb6+ Kg7 80. Re6 Rb4 81. Re4 Rb3+ 82. Kf4 Kf6 83. Ra4 Rb5 84. Ra6+ Kg7 85. Re6 Ra5 86. Re5 Ra4+ 87. Kg5 Rg4+ 88. Kxh5 Rxg3 89. Ra5 Rf3 90. Ra7+ Rf7 91. Ra6 Kh7 92. Kg5 Kg7 93. h5 Rb7 94. h6+ Kh7 95. Ra5 Rf7 96. Re5 1/2-1/2

[Event "LTU-ch U14 Rapid"]
[Site "Vilnius"]
[Date "2021.09.18"]
[Round "4"]
[White "Zalimas, Ugnius"]
[Black "Gavenavicius, Karolis"]
[Result "0-1"]
[WhiteElo "1371"]
[BlackElo "1563"]
[PlyCount "80"]
[EventDate "2021.09.18"]
[EventType "swiss (rapid)"]
[EventRounds "9"]
[EventCountry "LTU"]
[SourceTitle "EXT 2023"]
[Source "ChessBase"]
[SourceDate "2022.10.05"]
[SourceVersion "1"]
[SourceVersionDate "2022.10.05"]
[SourceQuality "1"]

1. e4 c5 2. Nf3 e6 3. Nc3 a6 4. d4 cxd4 5. Nxd4 Qc7 6. Bd3 Nf6 7. Bg5 Be7 8. 0-0 h6 9. Bh4 b5 10. a3 Bb7 11. Bg3 d6 12. Re1 Nbd7 13. Qd2 0-0 14. Nf3 Ne5 15. Nxe5 dxe5 16. h3 Bc5 17. Kh1 Nh5 18. Ne2 Rfd8 19. Qc3 Nxg3+ 20. fxg3 Rac8 21. Ng1 Bf2 22. Qxc7 Rxc7 23. Rf1 Bxg3 24. Ne2 Bh4 25. g3 Be7 26. Ng1 Bc5 27. Nf3 Bd4 28. Rab1 f6 29. g4 Kf7 30. h4 h5 31. g5 Ke7 32. Kg2 f5 33. Nd2 Be3 34. Nb3 Bf4 35. Kf3 fxe4+ 36. Bxe4 Bxe4+ 37. Kxe4 Rc4+ 38. Kf3 Rxc2 39. Nc1 Rdd2 40. b4 Rh2 0-1